| 000 | 00510 a2200169 4500 | ||
|---|---|---|---|
| 040 |
_aDLC _bDLC |
||
| 082 | _a510 | ||
| 100 | _aWeber, Hans-Jurgen. | ||
| 245 |
_aMathematical methods for physicists _cGeorge B.Arfken _hBook |
||
| 250 | _a6th | ||
| 260 |
_aIslamabad : _bNational Book Foundation. |
||
| 300 |
_axii, 1182 p. ; _b: ill. _c25 cm. |
||
| 500 | _aIncludes bibliographical references and index | ||
| 650 | _a1.Mathematics.2.Mathematical physics. | ||
| 700 | _aHans J.Weber | ||
| 942 |
_cBK _k510 ARF _2ddc |
||
| 999 |
_c7472 _d7472 |
||